000 00913cab a2200265 4500
001 ABS54331
008 090401t1995 xxu||||| |||| 00| 0 eng d
035 _a(Sirsi) u9852
041 _aeng
100 _aWorzala, E.
245 _aCurrency risk and international property investments
260 _c1995
350 _a0
490 _aJournal of Property Valuation and Investment
_v13(5) 1995 23-38 (16)
520 _aDiscusses hedging techniques and their potential application to real estate investments, followed by a discussion of the problems inherent in attempting to hedge real estate investments. (Taken from journal article).
650 _aCURRENCY OPTIONS
650 _aCURRENCY SWAPS
650 _aEXCHANGE RATES
650 _aFUTURES CONTRACTS
650 _aHEDGING
650 _aMETHODOLOGY
690 _aPROPERTY-PROPERTY FINANCE AND INVESTMENT
942 _n0
948 _c04/03/1997
999 _c6199
_d6199